[Event "Utrecht OKU op-B 45th"]
[Site "Utrecht"]
[Date "2018.06.02"]
[Round "2"]
[White "Kerkhoff, Chris"]
[Black "Koks, Paul"]
[Result "1-0"]
[WhiteElo "1761"]
[BlackElo "1608"]
[PlyCount "51"]
[EventDate "2018.06.01"]
[EventType "swiss"]
[EventRounds "6"]
[EventCountry "NED"]
[SourceTitle "EXT 2019"]
[Source "ChessBase"]
[SourceDate "2018.10.10"]
[SourceVersion "1"]
[SourceVersionDate "2018.10.10"]
[SourceQuality "1"]

1. d4 Nf6 2. Nc3 e6 3. e4 Bb4 4. Bd3 d6 5. f4 c5 6. a3 Bxc3+ 7. bxc3 Nc6 8. d5 exd5 9. exd5 Qe7+ 10. Be2 Na5 11. Nf3 0-0 12. 0-0 Qe4 13. Bd3 Qxd5 14. Ng5 h6 15. Nh7 Bf5 16. Nxf6+ gxf6 17. Qh5 Be4 18. Qxh6 Bxd3 19. cxd3 Qxd3 20. f5 Nb3 21. Bg5 fxg5 22. Qxg5+ Kh7 23. Qh5+ Kg8 24. Rf3 Qxf3 25. Qxf3 Nxa1 26. f6 1-0